<?xml version="1.0" encoding="UTF-8"?>
<collection xmlns="http://www.loc.gov/MARC21/slim">
 <record>
  <leader>06786cam a2201117   4500</leader>
  <controlfield tag="001">1082063215</controlfield>
  <controlfield tag="003">DE-627</controlfield>
  <controlfield tag="005">20240118205807.0</controlfield>
  <controlfield tag="007">tu</controlfield>
  <controlfield tag="008">860812s1983    gw |||||      00| ||ger c</controlfield>
  <datafield tag="020" ind1=" " ind2=" ">
   <subfield code="z">3529014524</subfield>
  </datafield>
  <datafield tag="035" ind1=" " ind2=" ">
   <subfield code="a">(DE-627)1082063215</subfield>
  </datafield>
  <datafield tag="035" ind1=" " ind2=" ">
   <subfield code="a">(DE-576)012063215</subfield>
  </datafield>
  <datafield tag="035" ind1=" " ind2=" ">
   <subfield code="a">(DE-599)BSZ012063215</subfield>
  </datafield>
  <datafield tag="035" ind1=" " ind2=" ">
   <subfield code="a">(OCoLC)310665324</subfield>
  </datafield>
  <datafield tag="035" ind1=" " ind2=" ">
   <subfield code="a">(OCoLC)230958313</subfield>
  </datafield>
  <datafield tag="035" ind1=" " ind2=" ">
   <subfield code="a">(DE-604)8012742341</subfield>
  </datafield>
  <datafield tag="040" ind1=" " ind2=" ">
   <subfield code="a">DE-627</subfield>
   <subfield code="b">ger</subfield>
   <subfield code="c">DE-627</subfield>
   <subfield code="e">rakwb</subfield>
  </datafield>
  <datafield tag="041" ind1=" " ind2=" ">
   <subfield code="a">ger</subfield>
  </datafield>
  <datafield tag="044" ind1=" " ind2=" ">
   <subfield code="c">XA-DE-SH</subfield>
  </datafield>
  <datafield tag="084" ind1=" " ind2=" ">
   <subfield code="a">9,10</subfield>
   <subfield code="a">1</subfield>
   <subfield code="2">ssgn</subfield>
  </datafield>
  <datafield tag="084" ind1=" " ind2=" ">
   <subfield code="a">NF 6505</subfield>
   <subfield code="2">rvk</subfield>
   <subfield code="0">(DE-625)rvk/125264:1212</subfield>
  </datafield>
  <datafield tag="084" ind1=" " ind2=" ">
   <subfield code="a">LC 37240</subfield>
   <subfield code="2">rvk</subfield>
   <subfield code="0">(DE-625)rvk/90647:843</subfield>
  </datafield>
  <datafield tag="084" ind1=" " ind2=" ">
   <subfield code="a">NR 5780</subfield>
   <subfield code="2">rvk</subfield>
   <subfield code="0">(DE-625)rvk/129476:</subfield>
  </datafield>
  <datafield tag="084" ind1=" " ind2=" ">
   <subfield code="a">LC 39000</subfield>
   <subfield code="2">rvk</subfield>
   <subfield code="0">(DE-625)rvk/90649:772</subfield>
  </datafield>
  <datafield tag="084" ind1=" " ind2=" ">
   <subfield code="a">15.19</subfield>
   <subfield code="2">bkl</subfield>
  </datafield>
  <datafield tag="084" ind1=" " ind2=" ">
   <subfield code="a">15.18</subfield>
   <subfield code="2">bkl</subfield>
  </datafield>
  <datafield tag="084" ind1=" " ind2=" ">
   <subfield code="a">15.50</subfield>
   <subfield code="2">bkl</subfield>
  </datafield>
  <datafield tag="100" ind1="1" ind2=" ">
   <subfield code="a">Köster, Kurt</subfield>
   <subfield code="d">1912-1986</subfield>
   <subfield code="0">(DE-588)118564501</subfield>
   <subfield code="0">(DE-627)079360955</subfield>
   <subfield code="0">(DE-576)161776043</subfield>
   <subfield code="4">aut</subfield>
  </datafield>
  <datafield tag="245" ind1="1" ind2="0">
   <subfield code="a">Pilgerzeichen und Pilgermuscheln von mittelalterlichen Santiagostraßen</subfield>
   <subfield code="b">Saint-Léonard, Rocamadour, Saint-Gilles, Santiago de Compostela; Schleswiger Funde u. Gesamtüberlieferung</subfield>
  </datafield>
  <datafield tag="264" ind1=" " ind2="1">
   <subfield code="a">Neumünster</subfield>
   <subfield code="b">Wachholtz</subfield>
   <subfield code="c">1983</subfield>
  </datafield>
  <datafield tag="300" ind1=" " ind2=" ">
   <subfield code="a">175 S.</subfield>
   <subfield code="b">Ill.</subfield>
  </datafield>
  <datafield tag="336" ind1=" " ind2=" ">
   <subfield code="a">Text</subfield>
   <subfield code="b">txt</subfield>
   <subfield code="2">rdacontent</subfield>
  </datafield>
  <datafield tag="337" ind1=" " ind2=" ">
   <subfield code="a">ohne Hilfsmittel zu benutzen</subfield>
   <subfield code="b">n</subfield>
   <subfield code="2">rdamedia</subfield>
  </datafield>
  <datafield tag="338" ind1=" " ind2=" ">
   <subfield code="a">Band</subfield>
   <subfield code="b">nc</subfield>
   <subfield code="2">rdacarrier</subfield>
  </datafield>
  <datafield tag="490" ind1="1" ind2=" ">
   <subfield code="a">Ausgrabungen in Schleswig / Schleswig-Holstein. Landesmuseum für Vor- u. Frühgeschichte, Schleswig, Schloss Gottorf. Hrsg. von Volker Vogel</subfield>
   <subfield code="v">2</subfield>
  </datafield>
  <datafield tag="500" ind1=" " ind2=" ">
   <subfield code="a">Literaturverz. S. 157 - 171</subfield>
  </datafield>
  <datafield tag="583" ind1="1" ind2=" ">
   <subfield code="a">Archivierung/Langzeitarchivierung gewährleistet</subfield>
   <subfield code="f">SSG</subfield>
   <subfield code="2">pdager</subfield>
   <subfield code="5">DE-21</subfield>
  </datafield>
  <datafield tag="689" ind1="0" ind2="0">
   <subfield code="d">g</subfield>
   <subfield code="0">(DE-588)4337952-7</subfield>
   <subfield code="0">(DE-627)152364463</subfield>
   <subfield code="0">(DE-576)211383414</subfield>
   <subfield code="a">Saint-Léonard-de-Noblat</subfield>
   <subfield code="2">gnd</subfield>
  </datafield>
  <datafield tag="689" ind1="0" ind2="1">
   <subfield code="d">s</subfield>
   <subfield code="0">(DE-588)4174690-9</subfield>
   <subfield code="0">(DE-627)104122331</subfield>
   <subfield code="0">(DE-576)209958529</subfield>
   <subfield code="a">Pilgerzeichen</subfield>
   <subfield code="2">gnd</subfield>
  </datafield>
  <datafield tag="689" ind1="0" ind2=" ">
   <subfield code="5">(DE-627)</subfield>
  </datafield>
  <datafield tag="689" ind1="1" ind2="0">
   <subfield code="d">g</subfield>
   <subfield code="0">(DE-588)4117053-2</subfield>
   <subfield code="0">(DE-627)105802085</subfield>
   <subfield code="0">(DE-576)209506709</subfield>
   <subfield code="a">Rocamadour</subfield>
   <subfield code="2">gnd</subfield>
  </datafield>
  <datafield tag="689" ind1="1" ind2="1">
   <subfield code="d">s</subfield>
   <subfield code="0">(DE-588)4174690-9</subfield>
   <subfield code="0">(DE-627)104122331</subfield>
   <subfield code="0">(DE-576)209958529</subfield>
   <subfield code="a">Pilgerzeichen</subfield>
   <subfield code="2">gnd</subfield>
  </datafield>
  <datafield tag="689" ind1="1" ind2=" ">
   <subfield code="5">(DE-627)</subfield>
  </datafield>
  <datafield tag="689" ind1="2" ind2="0">
   <subfield code="d">g</subfield>
   <subfield code="0">(DE-588)4051313-0</subfield>
   <subfield code="0">(DE-627)106177648</subfield>
   <subfield code="0">(DE-576)20909253X</subfield>
   <subfield code="a">Saint-Gilles-du-Gard</subfield>
   <subfield code="2">gnd</subfield>
  </datafield>
  <datafield tag="689" ind1="2" ind2="1">
   <subfield code="d">s</subfield>
   <subfield code="0">(DE-588)4174690-9</subfield>
   <subfield code="0">(DE-627)104122331</subfield>
   <subfield code="0">(DE-576)209958529</subfield>
   <subfield code="a">Pilgerzeichen</subfield>
   <subfield code="2">gnd</subfield>
  </datafield>
  <datafield tag="689" ind1="2" ind2=" ">
   <subfield code="5">(DE-627)</subfield>
  </datafield>
  <datafield tag="689" ind1="3" ind2="0">
   <subfield code="d">g</subfield>
   <subfield code="0">(DE-588)4051658-1</subfield>
   <subfield code="0">(DE-627)106175807</subfield>
   <subfield code="0">(DE-576)209094575</subfield>
   <subfield code="a">Santiago de Compostela</subfield>
   <subfield code="2">gnd</subfield>
  </datafield>
  <datafield tag="689" ind1="3" ind2="1">
   <subfield code="d">s</subfield>
   <subfield code="0">(DE-588)4174690-9</subfield>
   <subfield code="0">(DE-627)104122331</subfield>
   <subfield code="0">(DE-576)209958529</subfield>
   <subfield code="a">Pilgerzeichen</subfield>
   <subfield code="2">gnd</subfield>
  </datafield>
  <datafield tag="689" ind1="3" ind2=" ">
   <subfield code="5">(DE-627)</subfield>
  </datafield>
  <datafield tag="689" ind1="4" ind2="0">
   <subfield code="d">g</subfield>
   <subfield code="0">(DE-588)4051658-1</subfield>
   <subfield code="0">(DE-627)106175807</subfield>
   <subfield code="0">(DE-576)209094575</subfield>
   <subfield code="a">Santiago de Compostela</subfield>
   <subfield code="2">gnd</subfield>
  </datafield>
  <datafield tag="689" ind1="4" ind2="1">
   <subfield code="d">s</subfield>
   <subfield code="0">(DE-588)4174690-9</subfield>
   <subfield code="0">(DE-627)104122331</subfield>
   <subfield code="0">(DE-576)209958529</subfield>
   <subfield code="a">Pilgerzeichen</subfield>
   <subfield code="2">gnd</subfield>
  </datafield>
  <datafield tag="689" ind1="4" ind2="2">
   <subfield code="d">g</subfield>
   <subfield code="0">(DE-588)4106692-3</subfield>
   <subfield code="0">(DE-627)104529253</subfield>
   <subfield code="0">(DE-576)209416785</subfield>
   <subfield code="a">Schleswig</subfield>
   <subfield code="2">gnd</subfield>
  </datafield>
  <datafield tag="689" ind1="4" ind2="3">
   <subfield code="d">s</subfield>
   <subfield code="0">(DE-588)4071507-3</subfield>
   <subfield code="0">(DE-627)104642874</subfield>
   <subfield code="0">(DE-576)209184205</subfield>
   <subfield code="a">Funde</subfield>
   <subfield code="2">gnd</subfield>
  </datafield>
  <datafield tag="689" ind1="4" ind2=" ">
   <subfield code="5">(DE-627)</subfield>
  </datafield>
  <datafield tag="689" ind1="5" ind2="0">
   <subfield code="d">g</subfield>
   <subfield code="0">(DE-588)4106692-3</subfield>
   <subfield code="0">(DE-627)104529253</subfield>
   <subfield code="0">(DE-576)209416785</subfield>
   <subfield code="a">Schleswig</subfield>
   <subfield code="2">gnd</subfield>
  </datafield>
  <datafield tag="689" ind1="5" ind2="1">
   <subfield code="d">s</subfield>
   <subfield code="0">(DE-588)4174690-9</subfield>
   <subfield code="0">(DE-627)104122331</subfield>
   <subfield code="0">(DE-576)209958529</subfield>
   <subfield code="a">Pilgerzeichen</subfield>
   <subfield code="2">gnd</subfield>
  </datafield>
  <datafield tag="689" ind1="5" ind2="2">
   <subfield code="d">s</subfield>
   <subfield code="0">(DE-588)4129464-6</subfield>
   <subfield code="0">(DE-627)104660694</subfield>
   <subfield code="0">(DE-576)209610735</subfield>
   <subfield code="a">Ausgrabung</subfield>
   <subfield code="2">gnd</subfield>
  </datafield>
  <datafield tag="689" ind1="5" ind2=" ">
   <subfield code="5">(DE-627)</subfield>
  </datafield>
  <datafield tag="689" ind1="6" ind2="0">
   <subfield code="d">g</subfield>
   <subfield code="0">(DE-588)4106692-3</subfield>
   <subfield code="0">(DE-627)104529253</subfield>
   <subfield code="0">(DE-576)209416785</subfield>
   <subfield code="a">Schleswig</subfield>
   <subfield code="2">gnd</subfield>
  </datafield>
  <datafield tag="689" ind1="6" ind2="1">
   <subfield code="d">s</subfield>
   <subfield code="0">(DE-588)4174690-9</subfield>
   <subfield code="0">(DE-627)104122331</subfield>
   <subfield code="0">(DE-576)209958529</subfield>
   <subfield code="a">Pilgerzeichen</subfield>
   <subfield code="2">gnd</subfield>
  </datafield>
  <datafield tag="689" ind1="6" ind2="2">
   <subfield code="d">g</subfield>
   <subfield code="0">(DE-588)4114067-9</subfield>
   <subfield code="0">(DE-627)104137363</subfield>
   <subfield code="0">(DE-576)209481641</subfield>
   <subfield code="a">Jakobsweg</subfield>
   <subfield code="2">gnd</subfield>
  </datafield>
  <datafield tag="689" ind1="6" ind2="3">
   <subfield code="d">s</subfield>
   <subfield code="0">(DE-588)4071507-3</subfield>
   <subfield code="0">(DE-627)104642874</subfield>
   <subfield code="0">(DE-576)209184205</subfield>
   <subfield code="a">Funde</subfield>
   <subfield code="2">gnd</subfield>
  </datafield>
  <datafield tag="689" ind1="6" ind2=" ">
   <subfield code="5">(DE-627)</subfield>
  </datafield>
  <datafield tag="787" ind1="0" ind2="8">
   <subfield code="i">Rezensiert in</subfield>
   <subfield code="a">Sigal, Pierre-André</subfield>
   <subfield code="t">[Rezension von: Kurt Köster, Pilgerzeichen und Pilgermuscheln von mittelalterlichen Santiagostraßen (Saint-Léonard, Rocamadour, Saint-Gilles, Santiago de Compostela)]</subfield>
   <subfield code="d">Sigmaringen : Jan Thorbecke Verlag, 1985</subfield>
   <subfield code="w">(DE-627)1582348359</subfield>
   <subfield code="w">(DE-576)512348359</subfield>
  </datafield>
  <datafield tag="830" ind1=" " ind2="0">
   <subfield code="a">Ausgrabungen in Schleswig</subfield>
   <subfield code="v">2</subfield>
   <subfield code="9">2</subfield>
   <subfield code="w">(DE-627)130374806</subfield>
   <subfield code="w">(DE-576)059411570</subfield>
   <subfield code="w">(DE-600)597699-6</subfield>
   <subfield code="x">0723-7987</subfield>
   <subfield code="7">ns</subfield>
  </datafield>
  <datafield tag="856" ind1="4" ind2="2">
   <subfield code="u">http://d-nb.info/840791526/04</subfield>
   <subfield code="m">B:DE-101</subfield>
   <subfield code="q">application/pdf</subfield>
   <subfield code="3">Inhaltsverzeichnis</subfield>
  </datafield>
  <datafield tag="936" ind1="r" ind2="v">
   <subfield code="a">NF 6505</subfield>
   <subfield code="b">Einzelbeiträge</subfield>
   <subfield code="k">Geschichte</subfield>
   <subfield code="k">Ur- und Frühgeschichte / Prähistorische Archäologie</subfield>
   <subfield code="k">Allgemeine und europäische Ur- und Frühgeschichte nach Epochen</subfield>
   <subfield code="k">Archäologie des Mittelalters (ab 800 n. Chr.)</subfield>
   <subfield code="k">Europa</subfield>
   <subfield code="k">Mitteleuropa (Deutschland, Österreich, Schweiz)</subfield>
   <subfield code="k">Deutschland</subfield>
   <subfield code="k">West- und Mitteldeutschland</subfield>
   <subfield code="k">Einzelbeiträge</subfield>
   <subfield code="0">(DE-627)1271489236</subfield>
   <subfield code="0">(DE-625)rvk/125264:1212</subfield>
   <subfield code="0">(DE-576)201489236</subfield>
  </datafield>
  <datafield tag="936" ind1="r" ind2="v">
   <subfield code="a">LC 37240</subfield>
   <subfield code="b">Iberische Halbinsel insgesamt</subfield>
   <subfield code="k">Sozial- und Kulturanthropologie. Empirische Kulturwissenschaft</subfield>
   <subfield code="k">Religionsethnologie</subfield>
   <subfield code="k">Wallfahrten und Prozessionen</subfield>
   <subfield code="k">Europa</subfield>
   <subfield code="k">Südeuropa (Mittelmeerländer)</subfield>
   <subfield code="k">Iberische Halbinsel</subfield>
   <subfield code="k">Iberische Halbinsel insgesamt</subfield>
   <subfield code="0">(DE-627)127235668X</subfield>
   <subfield code="0">(DE-625)rvk/90647:843</subfield>
   <subfield code="0">(DE-576)20235668X</subfield>
  </datafield>
  <datafield tag="936" ind1="r" ind2="v">
   <subfield code="a">NR 5780</subfield>
   <subfield code="b">Schleswig</subfield>
   <subfield code="k">Geschichte</subfield>
   <subfield code="k">Landes- und Stadtgeschichte (Allgemeine, Deutsche und Österreichische Landes- und Stadtgeschichte, Ausländische Stadtgeschichte, Geschichte der Auslanddeutschen)</subfield>
   <subfield code="k">Deutsche Landesgeschichte im Einzelnen (einschl. ehemaliger deutscher Gebiete)</subfield>
   <subfield code="k">Schleswig-Holstein</subfield>
   <subfield code="k">Stadtgeschichte</subfield>
   <subfield code="k">Einzelne Städte</subfield>
   <subfield code="k">Schleswig</subfield>
   <subfield code="0">(DE-627)1271533200</subfield>
   <subfield code="0">(DE-625)rvk/129476:</subfield>
   <subfield code="0">(DE-576)201533200</subfield>
  </datafield>
  <datafield tag="936" ind1="r" ind2="v">
   <subfield code="a">LC 39000</subfield>
   <subfield code="b">Darstellung ohne geografischen Bezug</subfield>
   <subfield code="k">Sozial- und Kulturanthropologie. Empirische Kulturwissenschaft</subfield>
   <subfield code="k">Religionsethnologie</subfield>
   <subfield code="k">Christliche Objekte, Objekte der Volksfrömmigkeit</subfield>
   <subfield code="k">Darstellung ohne geografischen Bezug</subfield>
   <subfield code="0">(DE-627)1271521202</subfield>
   <subfield code="0">(DE-625)rvk/90649:772</subfield>
   <subfield code="0">(DE-576)201521202</subfield>
  </datafield>
  <datafield tag="936" ind1="b" ind2="k">
   <subfield code="a">15.19</subfield>
   <subfield code="j">Vor- und Frühgeschichte</subfield>
   <subfield code="q">coli-conc RVK-&gt;BK</subfield>
   <subfield code="q">https://coli-conc.gbv.de/api/mappings/86628ea8-ce7c-4261-a534-79c6ddd79ae8</subfield>
   <subfield code="0">(DE-627)10640329X</subfield>
  </datafield>
  <datafield tag="936" ind1="b" ind2="k">
   <subfield code="a">15.18</subfield>
   <subfield code="j">Mittelalterliche Archäologie</subfield>
   <subfield code="j">neuzeitliche Archäologie</subfield>
   <subfield code="q">coli-conc RVK-&gt;BK</subfield>
   <subfield code="q">https://coli-conc.gbv.de/api/mappings/723f117a-f0b9-4496-9bb6-d3a64d14f0f1</subfield>
   <subfield code="0">(DE-627)10641416X</subfield>
  </datafield>
  <datafield tag="936" ind1="b" ind2="k">
   <subfield code="a">15.50</subfield>
   <subfield code="j">Schleswig-Holstein</subfield>
   <subfield code="j">Lübeck</subfield>
   <subfield code="j">Hamburg</subfield>
   <subfield code="x">Geschichte</subfield>
   <subfield code="q">coli-conc RVK-&gt;BK</subfield>
   <subfield code="q">https://coli-conc.gbv.de/api/mappings/610d8273-48ea-4f62-9b73-c41b560ba9a5</subfield>
   <subfield code="0">(DE-627)18157151X</subfield>
  </datafield>
  <datafield tag="951" ind1=" " ind2=" ">
   <subfield code="a">BO</subfield>
  </datafield>
  <datafield tag="990" ind1=" " ind2=" ">
   <subfield code="a">Saint-Léonard-de-Noblat</subfield>
  </datafield>
  <datafield tag="990" ind1=" " ind2=" ">
   <subfield code="a">Pilgerzeichen</subfield>
  </datafield>
  <datafield tag="990" ind1=" " ind2=" ">
   <subfield code="a">Rocamadour</subfield>
  </datafield>
  <datafield tag="990" ind1=" " ind2=" ">
   <subfield code="a">Pilgerzeichen</subfield>
  </datafield>
  <datafield tag="990" ind1=" " ind2=" ">
   <subfield code="a">Saint-Gilles-du-Gard</subfield>
  </datafield>
  <datafield tag="990" ind1=" " ind2=" ">
   <subfield code="a">Pilgerzeichen</subfield>
  </datafield>
  <datafield tag="990" ind1=" " ind2=" ">
   <subfield code="a">Santiago de Compostela</subfield>
  </datafield>
  <datafield tag="990" ind1=" " ind2=" ">
   <subfield code="a">Pilgerzeichen</subfield>
  </datafield>
  <datafield tag="990" ind1=" " ind2=" ">
   <subfield code="a">Santiago de Compostela</subfield>
  </datafield>
  <datafield tag="990" ind1=" " ind2=" ">
   <subfield code="a">Pilgerzeichen</subfield>
  </datafield>
  <datafield tag="990" ind1=" " ind2=" ">
   <subfield code="a">Schleswig</subfield>
  </datafield>
  <datafield tag="990" ind1=" " ind2=" ">
   <subfield code="a">Funde</subfield>
  </datafield>
  <datafield tag="990" ind1=" " ind2=" ">
   <subfield code="a">Schleswig</subfield>
  </datafield>
  <datafield tag="990" ind1=" " ind2=" ">
   <subfield code="a">Pilgerzeichen</subfield>
  </datafield>
  <datafield tag="990" ind1=" " ind2=" ">
   <subfield code="a">Ausgrabung</subfield>
  </datafield>
  <datafield tag="990" ind1=" " ind2=" ">
   <subfield code="a">Schleswig</subfield>
  </datafield>
  <datafield tag="990" ind1=" " ind2=" ">
   <subfield code="a">Pilgerzeichen</subfield>
  </datafield>
  <datafield tag="990" ind1=" " ind2=" ">
   <subfield code="a">Jakobsweg</subfield>
  </datafield>
  <datafield tag="990" ind1=" " ind2=" ">
   <subfield code="a">Funde</subfield>
  </datafield>
  <datafield tag="991" ind1=" " ind2=" ">
   <subfield code="a">Rezensiertes Werk</subfield>
  </datafield>
  <datafield tag="999" ind1=" " ind2=" ">
   <subfield code="a">KXP-PPN1082063215</subfield>
   <subfield code="e">4485959562</subfield>
  </datafield>
 </record>
</collection>
